<?xml version="1.0" encoding="UTF-8"?><?xml-stylesheet type="text/xsl" href="static/style.xsl"?><OAI-PMH xmlns="http://www.openarchives.org/OAI/2.0/" xmlns:xsi="http://www.w3.org/2001/XMLSchema-instance" xsi:schemaLocation="http://www.openarchives.org/OAI/2.0/ http://www.openarchives.org/OAI/2.0/OAI-PMH.xsd"><responseDate>2026-06-02T14:39:34Z</responseDate><request verb="GetRecord" identifier="oai:riuma.uma.es:10630/20992" metadataPrefix="marc">https://riuma.uma.es/rest/oai/request</request><GetRecord><record><header><identifier>oai:riuma.uma.es:10630/20992</identifier><datestamp>2026-02-03T10:58:18Z</datestamp><setSpec>com_10630_2254</setSpec><setSpec>col_10630_37953</setSpec></header><metadata><record xmlns="http://www.loc.gov/MARC21/slim" xmlns:dcterms="http://purl.org/dc/terms/" xmlns:doc="http://www.lyncode.com/xoai" xmlns:xsi="http://www.w3.org/2001/XMLSchema-instance" xsi:schemaLocation="http://www.loc.gov/MARC21/slim http://www.loc.gov/standards/marcxml/schema/MARC21slim.xsd">
   <leader>00925njm 22002777a 4500</leader>
   <datafield ind2=" " ind1=" " tag="042">
      <subfield code="a">dc</subfield>
   </datafield>
   <datafield ind2=" " ind1=" " tag="720">
      <subfield code="a">Dos-Santos-Gómez, Lucía</subfield>
      <subfield code="e">author</subfield>
   </datafield>
   <datafield ind2=" " ind1=" " tag="720">
      <subfield code="a">Zamudio-García, Javier</subfield>
      <subfield code="e">author</subfield>
   </datafield>
   <datafield ind2=" " ind1=" " tag="720">
      <subfield code="a">Porras-Vázquez, José Manuel</subfield>
      <subfield code="e">author</subfield>
   </datafield>
   <datafield ind2=" " ind1=" " tag="720">
      <subfield code="a">Losilla, Enrique R.</subfield>
      <subfield code="e">author</subfield>
   </datafield>
   <datafield ind2=" " ind1=" " tag="720">
      <subfield code="a">Marrero-López, David</subfield>
      <subfield code="e">author</subfield>
   </datafield>
   <datafield ind2=" " ind1=" " tag="260">
      <subfield code="c">2017-12-15</subfield>
   </datafield>
   <datafield ind2=" " ind1=" " tag="520">
      <subfield code="a">La0.8Sr0.2MnO3-δ-Ce0.9Gd0.1O1.95 (LSM-CGO) nanostructured cathodes are successfully prepared in a single&#xd;
process by a chemical spray-pyrolysis deposition method. The cathode is composed of nanometric particles of&#xd;
approximately 15 nm of diameter, providing high triple-phase boundary sites for the oxygen reduction reactions.&#xd;
A low polarization resistance of 0.046 Ω cm2 is obtained at 700 °C, which is comparable to the most efficient&#xd;
cobaltite-based perovskite cathodes. A NiO-YSZ anode supported fuel cell with the nanostructured cathode&#xd;
generates a power output of 1.4 W cm−2 at 800 °C, significantly higher than 0.75 W cm−2 for a cell with conventional&#xd;
LSM-CGO cathode. The results suggest that this is a promising strategy to achieve high efficiency&#xd;
electrodes for Solid Oxide Fuel Cells in a single preparation step, simplifying notably the fabrication process&#xd;
compared to traditional methods.</subfield>
   </datafield>
   <datafield ind1="8" ind2=" " tag="024">
      <subfield code="a">os Santos-Gómez, L., Zamudio-García, J., Porras-Vázquez, J., Losilla, E., &amp; Marrero-López, D. (2018). Highly efficient La0.8Sr0.2MnO3-δ - Ce0.9Gd0.1O1.95 nanocomposite cathodes for solid oxide fuel cells. Ceramics International, 44(5), 4961–4966. https://doi.org/10.1016/j.ceramint.2017.12.089</subfield>
   </datafield>
   <datafield ind1="8" ind2=" " tag="024">
      <subfield code="a">https://hdl.handle.net/10630/20992</subfield>
   </datafield>
   <datafield ind1="8" ind2=" " tag="024">
      <subfield code="a">https://doi.org/10.1016/j.ceramint.2017.12.089</subfield>
   </datafield>
   <datafield tag="653" ind2=" " ind1=" ">
      <subfield code="a">Pilas de combustible</subfield>
   </datafield>
   <datafield tag="653" ind2=" " ind1=" ">
      <subfield code="a">Baterías de estado sólido</subfield>
   </datafield>
   <datafield tag="653" ind2=" " ind1=" ">
      <subfield code="a">Catalizadores</subfield>
   </datafield>
   <datafield ind2="0" ind1="0" tag="245">
      <subfield code="a">Highly efficient La0.8Sr0.2MnO3-δ - Ce0.9Gd0.1O1.95 nanocomposite cathodes for solid oxide fuel cells</subfield>
   </datafield>
</record>
</metadata></record></GetRecord></OAI-PMH>